Cidades mais Populosas do Mundo - Statistics

Estatísticas Gerais
  • Esse quiz foi jogado 373 vezes
  • A pontuação média é 15 de 25
Estatísticas das Respostas
Posição População País Cidade % Correto
8 12 106 920 Brasil São Paulo
98%
17 9 071 577 Japão Tóquio
95%
9 11 716 620 China Pequim
94%
21 8 874 724 México Cidade do México
92%
23 8 405 837 Estados Unidos Nova York
92%
19 8 922 949 Egito Cairo
90%
24 8 308 369 Reino Unido Londres
90%
7 12 380 664 Rússia Moscou
90%
13 10 388 055 Coreia do Sul Seul
88%
5 13 907 015 Turquia Istambul
84%
2 17 836 133 China Shanghai
80%
14 9 988 329 Indonésia Jacarta
73%
25 8 280 925 Tailândia Bangkok
66%
3 16 060 307 Nigéria Lagos
62%
6 12 478 447 Índia Mumbai
55%
20 8 906 039 Bangladesh Dhaka
50%
11 11 007 835 Índia Deli
44%
15 9 735 000 RD do Congo Kinshasa
44%
10 11 185 600 China Guangzhou
43%
4 13 969 284 Paquistão Karachi
32%
22 8 425 970 Índia Bangalore
23%
1 30 165 500 China Chongqing
19%
12 10 467 400 China Shenzhen
15%
16 9 341 844 China Tianjin
15%
18 8 981 087 Índia Chennai
12%
Nenhum quiz correspondente encontrado
Distribuição das Pontuações
Porcentagem de Pessoas com Cada Pontuação
Percentil de Números Respondidos
Sua Pontuação Histórica
Você não jogou esse quiz